000 00553cam a2200181 a 4500
999 _c5904
_d5904
020 _a0421707607 (set)
050 0 0 _aKD313
_b.G74 2000
100 1 _aGreenberg, Daniel.
245 1 0 _aStroud's judicial dictionary of words and phrases /
_cDaniel Greenberg, Alexandra Millbrook.
250 _a6th ed.
260 _aLondon :
_bSweet & Maxwell,
_c2000.
300 _a3 v. (xxxiv, 2974 p.) ;
_c24 cm.
650 0 _aLaw
_xDictionaries
650 0 _aLaw
_xDictionaries
_xEnglish.
700 1 _aMillbrook, Alexandra
700 1 _aStroud, Frederick,
942 _cBK